The Sneeches Quiz Stats

 Plays Quiz not verified by Sporcle

Score 0/200 Timer 15:00
0 Plays Today
guess all the words % Correct
the
82.1%
star
82.1%
a
82.1%
belly
71.4%
had
67.9%
all
64.3%
on
64.3%
in
57.1%
Now
53.6%
of
53.6%
up
53.6%
with
50%
sneetches
46.4%
bellies
46.4%
upon
46.4%
you
46.4%
at
46.4%
to
46.4%
thars
42.9%
they
42.9%
do
42.9%
plain
39.3%
out
39.3%
not
39.3%
one
39.3%
it
39.3%
it
39.3%
so
35.7%
would
35.7%
we're
35.7%
sneetch
35.7%
beaches
35.7%
were
35.7%
day
35.7%
he
35.7%
none
32.1%
them
32.1%
if
32.1%
your
32.1%
sylvester
32.1%
mcbean
32.1%
can
32.1%
that
32.1%
machine
32.1%
play
28.6%
could
28.6%
or
28.6%
parties
28.6%
mcmonkey
28.6%
weren't
25%
big
25%
thing
25%
wouldn't
25%
when
25%
without
25%
get
25%
their
25%
have
25%
what
25%
those
21.4%
but
21.4%
small
21.4%
kind
21.4%
air
21.4%
we'll
21.4%
some
21.4%
went
21.4%
guess all the words % Correct
ball
21.4%
only
21.4%
cold
21.4%
after
21.4%
while
21.4%
my
21.4%
dollars
21.4%
money
21.4%
right
21.4%
thing
21.4%
really
17.9%
think
17.9%
because
17.9%
sniff
17.9%
they'd
17.9%
snort
17.9%
nothing
17.9%
walking
17.9%
even
17.9%
game
17.9%
away
17.9%
that's
17.9%
how
17.9%
there
17.9%
friends
17.9%
i've
17.9%
heard
17.9%
you're
17.9%
i'm
17.9%
who
17.9%
might
14.3%
such
14.3%
matter
14.3%
snoots
14.3%
sort
14.3%
children
14.3%
frankfurter
14.3%
roasts
14.3%
marshmallow
14.3%
toasts
14.3%
invited
14.3%
dark
14.3%
year
14.3%
alone
14.3%
strangest
14.3%
cars
14.3%
announced
14.3%
clear
14.3%
keen
14.3%
unhappy
14.3%
fix
14.3%
come
14.3%
here
14.3%
work
14.3%
us
14.3%
way
14.3%
brag
10.7%
whenever
10.7%
met
10.7%
past
10.7%
talking
10.7%
left
10.7%
kept
10.7%
let
10.7%
near
10.7%
stranger
10.7%
zipped
10.7%
guess all the words % Correct
voice
10.7%
name
10.7%
troubles
10.7%
chappie
10.7%
help
10.7%
great
10.7%
hundred
10.7%
per
10.7%
cent
10.7%
like
10.7%
three
10.7%
each
10.7%
inside
10.7%
about
10.7%
worked
10.7%
yelled
10.7%
can't
10.7%
old
10.7%
good
10.7%
saunter
7.1%
straight
7.1%
picnics
7.1%
never
7.1%
treated
7.1%
seems
7.1%
moping
7.1%
just
7.1%
need
7.1%
speed
7.1%
put
7.1%
together
7.1%
very
7.1%
want
7.1%
just
7.1%
clambered
7.1%
roared
7.1%
bonked
7.1%
start
7.1%
tell
7.1%
sitting
3.6%
wishing
3.6%
prices
3.6%
low
3.6%
guaranteed
3.6%
quickly
3.6%
pay
3.6%
hop
3.6%
aboard
3.6%
jerked
3.6%
berked
3.6%
bopped
3.6%
popped
3.6%
actually
3.6%
apart
3.6%
same
3.6%
first
3.6%
worst
3.6%
perculiar
0%
klonked
0%
exactly
0%
snooty
0%
smarties
0%
grief
0%
groaned
0%
stiil
0%
frowned
0%

You're not logged in!

Compare scores with friends on all Sporcle quizzes.
OR
Log In

Show Comments

Extras

Created Oct 17, 2010ReportNominate
Tags:speech

Top Quizzes Today


Score Distribution

Your Account Isn't Verified!

In order to create a playlist on Sporcle, you need to verify the email address you used during registration. Go to your Sporcle Settings to finish the process.

Report this User

Report this user for behavior that violates our Community Guidelines.

Details: